Statistics for The 5 Body Cavities

Click here to take the quiz!

General Stats

  • This quiz has been taken 423 times
  • The average score is 3 of 5

Answer Stats

Answer% Correct
Thoracic
85%
Abdominal
79%
Cranial
77%
Pelvic
51%
Spinal
15%

Score Distribution

Percentile by Number Answered

Percent of People with Each Score

Your Score History

You have not taken this quiz